000 00355nam a2200133Ia 4500
008 151001s9999||||xx |||||||||||||| ||und||
100 _a नीलाभ
245 _aखतरा अगले मोड कि उस तरफ है
250 _a1
260 _bसदानीरा
260 _c2005
300 _a143
365 _b20
999 _c990618
_d990615